000 00536nam a2200193Ia 4500
003 GCL
008 140319s9999 xx 000 0 ara d
040 _aGCL /
_cGCL
082 0 4 _a635
_bم م
100 1 _aمعين فهد الزغت
245 1 0 _aالمسطحات الخضراء /
_cمعين فهد الزغت
700 1 _aفيصل محمد سعداوى
300 _a220 ص
490 _aكتاب
_v0
650 0 4 _aالتربة
650 0 4 _aنمو النباتات
650 0 4 _aالحدائق العامة
942 _2ddc
_cBK
999 _c42499
_d42499